000 00489nam a22001697a 4500
999 _c8935
_d8935
008 210305b ||||| |||| 00| 0 eng d
040 _aBMS College of Architecture
100 _aL, Kavya
245 _aBeach resort
300 _a46p.
500 _a1BM08AT018
502 _8B.Arch
_NBMS College of Architecture Visvesvaraya Technological University (VTU)
_aProject report
_d2013
650 _aResort
700 _aVaseem A S
_eGuide
700 _aSathish S Rao
_eGuide
942 _2ddc
_cTHE